Pays européens sans loups - Statistiques

Statistiques générales
  • Ce quiz a été pris 15 439 fois
  • Le résultat moyen est 9 sur 11
Statistiques - réponses
Pays sans loup % Correct
Royaume-Uni
89%
Irlande
88%
Vatican
87%
Luxembourg
86%
Monaco
86%
Belgique
85%
Islande
84%
Malte
83%
Saint-Marin
83%
Pays-Bas
82%
Liechtenstein
79%
Aucun quiz correspondant
Distribution des résultats
% des personnes avec chaque résultat
Percentile par nombre de réponses
Votre historique - résultats
Vous n’avez pas pris ce quiz